The 6th European congress on Biotechnology

Bibliographic Details
Main Authors: Tóth, Dezider, 1941- (Author), Polek, Bystrík, 1943- (Author)
Format: Article
Language:Slovak
English
ISSN:0006-3088
Subjects:

MARC

LEADER 00000nab a2200000 a 4500
001 vtls000509921
003 SK-MaSNL
005 20260304222342.0
008 250425c1993 xo 0 slo
015 |a SNBRB19rr/mm-uuuuu 
035 |a CL0510059 
035 |a urn:nbn:sk:snk-abbo7x 
035 |a (urnnbn)urn:nbn:sk:snk:ar-000zmj 
035 |a (uuid)068eeaa8-8212-41af-a43f-10384631d4ba 
040 |a SNKBUCL  |b slo  |c SNKBUCL  |e AACR2 
041 0 |a eng 
044 |a xo  |c SK 
080 |a 573.6:061.3  |2 1981 
100 1 |a Tóth, Dezider,  |d 1941-  |4 aut  |9 185707 
245 1 4 |a The 6th European congress on Biotechnology  |c Dezider Tóth, Bystrík Polek 
650 0 7 |a biotechnológia  |2 snkbucl  |9 4156 
655 7 |a články z novín a časopisov  |2 snkbucl  |9 267496 
700 1 |a Polek, Bystrík,  |d 1943-  |4 aut  |9 39855 
773 0 |t Biológia  |g Roč. 48, č. 3 (1993), s. 278  |x 0006-3088 
850 |a Slovenská národná knižnica 
852 |a Slovenská národná knižnica 
954 |a odborná, vedecká literatúra pôvodná (slovenská)  |2 lita 
958 |a article15 
958 |a RK 
958 |a MI 
958 |a OND 
958 |a EUIPO 
992 |a RBX 
999 |c 3162913  |d 3164843